| 000 | 00535pab a2200169 454500 | ||
|---|---|---|---|
| 008 | 180718b2000 xxu||||| |||| 00| 0 eng d | ||
| 100 | _aTotemeyer, Gerhard K.H. | ||
| 245 | _aDecentralization for empowerment of local units of governance and society: a critical analysis of the Namibian case | ||
| 260 | _c2000 | ||
| 300 | _ap.95-118 | ||
| 362 | _aSpring | ||
| 650 | _aDecentralization - Namibia | ||
| 650 | _aLocal government - Namibia | ||
| 650 | _aLocal government | ||
| 773 | _aRegional Development Dialogue | ||
| 909 | _a45674 | ||
| 999 |
_c45674 _d45674 |
||